Woman of God / (Record no. 211707)
[ view plain ]
| 000 -LEADER | |
|---|---|
| fixed length control field | 02053cam a22003618i 4500 |
| 001 - CONTROL NUMBER | |
| control field | BK0018305835 |
| 003 - CONTROL NUMBER IDENTIFIER | |
| control field | DLC |
| 005 - DATE AND TIME OF LATEST TRANSACTION | |
| control field | 20160722094625.0 |
| 008 - FIXED-LENGTH DATA ELEMENTS--GENERAL INFORMATION | |
| fixed length control field | 160506s2016 nyu 000 1 eng d |
| 010 ## - LIBRARY OF CONGRESS CONTROL NUMBER | |
| LC control number | 2016016203 |
| 020 ## - INTERNATIONAL STANDARD BOOK NUMBER | |
| International Standard Book Number | 9780316274029 : HRD |
| Terms of availability | 28.00 |
| 020 ## - INTERNATIONAL STANDARD BOOK NUMBER | |
| International Standard Book Number | 031627402X : HRD |
| Terms of availability | 28.00 |
| 037 ## - SOURCE OF ACQUISITION | |
| Source of stock number/acquisition | Little Brown & Co, 53 State st 9th Fl, Boston, MA, USA, 02109, (617)2270730 |
| Note | SAN 200-2205 |
| 040 ## - CATALOGING SOURCE | |
| Original cataloging agency | DLC |
| Language of cataloging | eng |
| Description conventions | rda |
| Transcribing agency | DLC |
| Modifying agency | NjBwBT |
| 050 00 - LIBRARY OF CONGRESS CALL NUMBER | |
| Classification number | PS3566.A822 |
| Item number | W66 2016 |
| 082 00 - DEWEY DECIMAL CLASSIFICATION NUMBER | |
| Classification number | 813/.54 |
| Edition number | 23 |
| 092 ## - LOCALLY ASSIGNED DEWEY CALL NUMBER (OCLC) | |
| Classification number | 813.5400 |
| 100 1# - MAIN ENTRY--PERSONAL NAME | |
| Personal name | Patterson, James, |
| Dates associated with a name | 1947- |
| Relator term | autor. |
| 245 10 - TITLE STATEMENT | |
| Title | Woman of God / |
| Statement of responsibility, etc | James Patterson and Maxine Paetro. |
| 250 ## - EDITION STATEMENT | |
| Edition statement | First edition. |
| 263 ## - PROJECTED PUBLICATION DATE | |
| Projected publication date | 1609 |
| 264 #1 - Production, Publication, Distribution, Manufacture, and Copyright Notice. | |
| Place of production, publication, distribution, manufacture | New York ; |
| 264 #1 - Production, Publication, Distribution, Manufacture, and Copyright Notice. | |
| Place of production, publication, distribution, manufacture | Boston : |
| Name of producer, publisher, distributor, manufacturer | Little, Brown and Company, |
| Date of production, publication, distribution, manufacture, or copyr | 2016. |
| 300 ## - PHYSICAL DESCRIPTION | |
| Extent | pages cm |
| 336 ## - Content Type | |
| Content type term | text |
| 337 ## - Media type | |
| Media type term | unmediated |
| 338 ## - Carrier type | |
| Carrier type term | volume |
| 520 ## - SUMMARY, ETC. | |
| Summary, etc | "St. Peter's Square, Rome. White smoke signals that a new Pope has been chosen. Is it possible that the new Pope is a woman? The world is watching as historic crowds gather in Rome, waiting for news of a new Pope, one who promises to be unlike any other in the Church's history. Some followers are ecstatic, but the leading candidate has made a legion of powerful enemies. From a difficult childhood with drug addled parents, to a career as a doctor on the front lines in Sudan, to a series of trials thattest her faith at every turn, Brigid Fitzgerald's convictions and callings have made her the target of all those who fear that the Church has lost its way dangerous adversaries who abhor challenges to tradition. Locked in a deadly, high-stakes battle with forces determined to undermine everything she believes in, Brigid must convert her enemies to her cause before she loses her faith and her life"-- |
| -- | Provided by publisher. |
| 655 #7 - INDEX TERM--GENRE/FORM | |
| Genre/form data or focus term | Suspense fiction. |
| Source of term | gsafd |
| 650 #7 - SUBJECT ADDED ENTRY--TOPICAL TERM | |
| Topical term or geographic name as entry element | FICTION / Thrillers. |
| Source of heading or term | bisacsh |
| 650 #7 - SUBJECT ADDED ENTRY--TOPICAL TERM | |
| Topical term or geographic name as entry element | FICTION / Suspense. |
| Source of heading or term | bisacsh |
| 700 1# - ADDED ENTRY--PERSONAL NAME | |
| Personal name | Paetro, Maxine, |
| Relator term | author. |
| Withdrawn status | Lost status | Source of classification or shelving scheme | Damaged status | Not for loan | Collection code | Home library | Current library | Shelving location | Date acquired | Source of acquisition | Cost, normal purchase price | Total Checkouts | Total Renewals | Full call number | Barcode | Date last seen | Date checked out | Cost, replacement price | Price effective from | Koha item type |
|---|---|---|---|---|---|---|---|---|---|---|---|---|---|---|---|---|---|---|---|---|
| Dewey Decimal Classification | Fiction | Wasatch County Library | Wasatch County Library | First Floor | 04/05/2019 | Donation | 9.99 | 1 | 1 | F Patterson | 34301001615626 | 02/16/2024 | 11/22/2021 | 9.99 | 03/20/2020 | BOOK | ||||
| Dewey Decimal Classification | Fiction | Wasatch County Library | Wasatch County Library | First Floor | 10/22/2016 | 28.00 | 17 | 3 | F Patterson | 34301001365438 | 11/06/2025 | 02/07/2023 | 28.00 | 03/20/2020 | BOOK |
